ឥទ្ធិពលនៃកត្តាផ្សេងៗទៅលើការចំហុយស្លិកថ្នាំជក់ និង គុណភាពព្រមទាំងវិធានការ ការពារស្លឹកថ្នាំស្ងួត (Record no. 37)
[ view plain ]
| 000 -LEADER | |
|---|---|
| fixed length control field | 00645nam a22001577a 4500 |
| 003 - CONTROL NUMBER IDENTIFIER | |
| control field | OSt |
| 005 - DATE AND TIME OF LATEST TRANSACTION | |
| control field | 20150905144723.0 |
| 008 - FIXED-LENGTH DATA ELEMENTS--GENERAL INFORMATION | |
| fixed length control field | 150905b xxu||||| |||| 00| 0 eng d |
| 040 ## - CATALOGING SOURCE | |
| Transcribing agency | RUA |
| 082 ## - DEWEY DECIMAL CLASSIFICATION NUMBER | |
| Classification number | AGR អួង 1991 B002 Or.1 |
| 100 ## - MAIN ENTRY--PERSONAL NAME | |
| 9 (RLIN) | 39 |
| Personal name | អួង កុសល |
| 245 ## - TITLE STATEMENT | |
| Title | ឥទ្ធិពលនៃកត្តាផ្សេងៗទៅលើការចំហុយស្លិកថ្នាំជក់ និង គុណភាពព្រមទាំងវិធានការ ការពារស្លឹកថ្នាំស្ងួត |
| 260 ## - PUBLICATION, DISTRIBUTION, ETC. (IMPRINT) | |
| Place of publication, distribution, etc. | Phnom Penh |
| Name of publisher, distributor, etc. | RUA |
| Date of publication, distribution, etc. | 1991 |
| 300 ## - PHYSICAL DESCRIPTION | |
| Extent | 47p. |
| Other physical details | ill. |
| Dimensions | 29cm. |
| 942 ## - ADDED ENTRY ELEMENTS (KOHA) | |
| Source of classification or shelving scheme | |
| Koha item type | AGR |
| Price effective from | Date last seen | Permanent Location | Not for loan | Date acquired | Source of classification or shelving scheme | Koha item type | Lost status | Withdrawn status | Date last checked out | Total Checkouts | Shelving location | Damaged status | Barcode | Current Location | Full call number |
|---|---|---|---|---|---|---|---|---|---|---|---|---|---|---|---|
| 2015-09-05 | 2015-09-05 | Library Block B | 2015-09-05 | AGR | B002 | RUA003873 | Library Block B | AGR អួង 1991 B002 Or.1 | |||||||
| 2015-09-05 | 2015-09-05 | Library Block B | 2015-09-05 | AGR | B002 | RUA003945 | Library Block B | AGR អួង 1991 B002 Or.2 | |||||||
| 2015-09-05 | 2019-12-31 | Library Block B | 2015-09-05 | AGR | 2019-12-30 | 1 | B002 | RUA004662 | Library Block B | AGR អួង 1991 B002 Or.3 | |||||
| 2015-09-05 | 2015-09-05 | Library Block B | 2015-09-05 | AGR | B002 | RUA004752 | Library Block B | AGR អួង 1991 B002 Or.4 | |||||||
| 2015-09-05 | 2016-08-08 | Library Block B | 2015-09-05 | AGR | 2016-07-09 | 1 | RUA003431 | Library Block B | AGR អួង 1991 B002 Or.5 | ||||||
| 2015-09-05 | 2015-09-05 | Library Block B | 2015-09-05 | AGR | RUA004741 | Library Block B | AGR អួង 1991 B002 Or.6 |